| 000 | 00699 a2200181 4500 | ||
|---|---|---|---|
| 003 | NUST | ||
| 005 | 20221228175658.0 | ||
| 040 | _cNust | ||
| 082 | _a355.41,WES | ||
| 100 |
_aWestover, John G _949101 |
||
| 245 |
_aCombat Support in Korea / _cCapt John G. Westover |
||
| 260 |
_aPakistan _bNBF _c1973 |
||
| 300 | _a254,p.; | ||
| 505 | _aCrops of Engineers (Page-1), Transportation Crops (Page-45), Chemical Crops (Page-71), Signal Crop (Page-87), Medical Crop (Page-107), Ordnance Crops (Page-123), Quartermaster Crop (Page-139), Security Combat Morale (Page-189), Short Bits (Page-213). | ||
| 600 |
_aJohn G Westover _9106277 |
||
| 650 |
_aCombat Support _9106278 |
||
| 942 |
_2ddc _cBK _k355.41,WES |
||
| 999 |
_c186110 _d186110 |
||